Maantiedettä kirjaimittain - R - Statistics

Yleistilastot
  • Tätä visaa on pelattu 1 590 kertaa
  • Keskiarvotulos 12 / 20
Vastaustilastot
Vihje Vastaus % Oikein
Suomen naapurimaa Ruotsi
100%
Lapin suurin kaupunki Rovaniemi
98%
Latvian pääkaupunki Riika
97%
Venäjän valuutta Rupla
96%
"Ikuinen kaupunki" Rooma
87%
Irlantilainen halpalentoyhtiö Ryanair
81%
Jamaikalta lähtöisin oleva musiikkityyli Reggae
80%
Transilvania on alue tässä valtiossa Romania
79%
Suuri satamakaupunki Alankomaissa Rotterdam
78%
Baselin ja Düsseldorfin läpi virtaava joki Rein
68%
Antiikin aikaisesta kolossista tunnettu saari Kreikassa Rodos
68%
Saudi-Arabian pääkaupunki Riad
66%
Intian valuutta Rupia
58%
Vuori, johon on kaiverrettu neljän Yhdysvaltain presidentin kasvot Rushmore
56%
Ipanema ja Corcovado sijaitsevat tässä kaupungissa Rio de Janeiro
44%
Ranskan merentakainen alue Mauritiuksen vieressä Reunion
26%
Pakistanin vieressä sijaitseva Intian suurin osavaltio, jonka nimen alku käy järkeen myös suomeksi Rajasthan
14%
Amerikan konfederaation pääkaupunki Richmond
14%
Julius Caesarin tunnetusti ylittämä joki Rubikon
13%
Japanille kuuluva saaristo Taiwanin ja Japanin pääsaarten välissä Riukiusaaret
11%
Ehtoja vastaavia visoja ei löytynyt
Tulosjakauma
Jokaisen tuloksen saaneiden osuus
Persentiili vastausten määrän mukaan
Tuloshistoriasi
Et ole pelannut tätä visaa